|
|
|
|
| LEADER |
00000nab a2200000uu 4500 |
| 001 |
vtls011521981 |
| 003 |
SK-MaSNL |
| 005 |
20260303221310.0 |
| 008 |
230704|1968 xo |||||||||||||||||slo| |
| 015 |
|
|
|a SNBRB
|
| 035 |
|
|
|a (urnnbn)urn:nbn:sk:snk:ar-00235h
|
| 035 |
|
|
|a (uuid)1e28016b-5011-4276-8dfd-d4bea7981aac
|
| 035 |
|
|
|a urn:nbn:sk:snk-abea3b
|
| 040 |
|
|
|a SNKBUCL
|b slo
|c SNKBUCL
|e AACR2
|
| 041 |
0 |
|
|a slo
|
| 044 |
|
|
|a xo
|c SK
|
| 100 |
1 |
|
|a Gregor, Peter,
|d 1944-2014
|4 aut
|9 157718
|
| 245 |
1 |
0 |
|a Exodus
|c Peter Gregor
|
| 655 |
|
7 |
|a slovenská poézia
|2 SNKPH
|9 70444
|
| 773 |
0 |
|
|t Slovenské pohľady
|g Roč. 84, č. 8 (1968), s. 101-102
|
| 850 |
|
|
|a Slovenská národná knižnica
|
| 852 |
|
|
|a Slovenská národná knižnica
|
| 954 |
|
|
|a beletria pôvodná (slovenská)
|2 lita
|
| 958 |
|
|
|a OND
|
| 958 |
|
|
|a EUIPO
|
| 958 |
|
|
|a article21
|
| 999 |
|
|
|c 2232649
|d 2234579
|